Heisman Trophy Winners(2000-2024) - Statistics

General Stats
  • This quiz has been taken 210 times
  • The average score is 17 of 25
Answer Stats
Hint Answer % Correct
2022 USC QB Caleb Williams
92%
2019 Joe Burrow QB Joe Burrow
92%
2023 LSU QB Jayden Daniels
91%
2024 Colorado CB/WR Travis Hunter
91%
2017 Oklahoma QB Baker Mayfield
89%
2015 Alabama RB Derrick Henry
89%
2020 Alabama WR DeVonta Smith
89%
2016 Louisville QB Lamar Jackson
88%
2014 Oregon QB Marcus Mariota
84%
2021 Alabama QB Bryce Young
83%
2013 Florida State QB Jameis Winston
82%
2012 Texas A&M QB Johnny Manziel
82%
2018 Oklahoma QB Kyler Murray
82%
2007 Florida QB Tim Tebow
78%
2010 Auburn QB Cam Newton
77%
2011 Baylor QB Robert Griffin III
76%
2006 Ohio State QB Troy Smith
76%
2005 USC RB Reggie Bush
69%
2008 Oklahoma QB Sam Bradford
55%
2004 USC QB Matt Leinart
52%
2002 USC QB Carson Palmer
30%
2003 Oklahoma QB Jason White
18%
2001 Nebraska QB / WR Eric Crouch
16%
2000 Florida State QB Chris Weinke
15%
2009 Alabama RB Mark Ingram II
9%
No matching quizzes found
Score Distribution
Percent of People with Each Score
Percentile by Number Answered
Your Score History
You have not taken this quiz